GETS Theological Seminary Library

The peacemaking pastor: (Record no. 16055)

MARC details
000 -LEADER
fixed length control field 00651nam a2200193Ia 4500
008 - FIXED-LENGTH DATA ELEMENTS--GENERAL INFORMATION
fixed length control field 200824s9999||||xx |||||||||||||| ||und||
020 ## - INTERNATIONAL STANDARD BOOK NUMBER
International Standard Book Number 1441246622
020 ## - INTERNATIONAL STANDARD BOOK NUMBER
International Standard Book Number 9781441246622
041 ## - LANGUAGE CODE
Language code of text/sound track or separate title eng
050 ## - LIBRARY OF CONGRESS CALL NUMBER
Classification number BV652.9 
Item number .P65 2006
100 ## - MAIN ENTRY--PERSONAL NAME
Personal name Poirier, Alfred
245 #4 - TITLE STATEMENT
Title The peacemaking pastor:
Remainder of title a biblical guide to resolving church conflict /
Statement of responsibility, etc. Alfred Poirier
260 ## - PUBLICATION, DISTRIBUTION, ETC.
Place of publication, distribution, etc. Grand Rapids, MI :
Name of publisher, distributor, etc. Baker Books,
Date of publication, distribution, etc. 2006
300 ## - PHYSICAL DESCRIPTION
Extent 317 p.
Other physical details ;
Dimensions 23cm.
650 ## - SUBJECT ADDED ENTRY--TOPICAL TERM
Topical term or geographic name entry element Church controversies.
650 ## - SUBJECT ADDED ENTRY--TOPICAL TERM
Topical term or geographic name entry element Conflict management -- Religious aspects -- Christianity.
650 ## - SUBJECT ADDED ENTRY--TOPICAL TERM
Topical term or geographic name entry element Religion -- Christian Ministry -- Pastoral Resources.
Holdings
Withdrawn status Lost status Damaged status Not for loan Home library Current library Shelving location Date acquired Total Checkouts Full call number Barcode Date last seen Price effective from Koha item type
        GETS Theological Seminary Library GETS Theological Seminary Library General Stacks 08/24/2020   BV652.9 .P65 2006 00004176 08/24/2020 08/24/2020 English Books
OpacCredits

Contact the Librarian, GETS Library
Email: library@mygets.org









Implemented by GETS Library
(Powered by ETCA Professional Group)
GETS Theological Seminary
412 E. Rowland Street, CA 91723